| 000 | 00458nam a22001337a 4500 | ||
|---|---|---|---|
| 040 | _cNUST | ||
| 082 | _a220 PRO | ||
| 100 |
_aGC Osama Ahmed GC Muhammad Imran GC Muhammad Ali Saeed _9100732 |
||
| 110 |
_aProject Supervisor: Dr. Mohsin Islam Tiwana LE Arshia Arif Dr. Ameer Hamza _9100733 |
||
| 245 | _aPR-SOF-2136-Exoskeleton Body Armor (Right Arm) | ||
| 260 |
_aISLAMABAD: _bNUST COLLEGE OF EME, _c2022. |
||
| 650 |
_aDE-MTS-40 _998604 |
||
| 942 |
_2ddc _cPR |
||
| 999 |
_c591909 _d591909 |
||